Entrepreneur directory.
| Main Author: | |
|---|---|
| Format: | Book |
| Published: |
Kuala Lumpur:
Tenaga Nasional,
[2006].
|
| Subjects: |
| LEADER | 00443cam a2200145 7i4500 | ||
|---|---|---|---|
| 001 | 0000018669 | ||
| 005 | 20061219090000.0 | ||
| 090 | 0 | 0 | |a M 338.04025595 |b TEN |
| 100 | 1 | 0 | |a Tenaga Nasional Berhad |
| 245 | 1 | 0 | |a Entrepreneur directory. |
| 260 | 0 | 0 | |a Kuala Lumpur: |b Tenaga Nasional, |c [2006]. |
| 300 | # | # | |a 106 p. |
| 650 | 0 | 0 | |a Entrepreneur -- |x Directories -- |z Malaysia |
| 651 | 0 | 0 | |a Malaysia |
| 999 | |a 0000018763 |b Directories |c Malaysia |e Business Information Centre | ||